00302nam a22001097a 4500082003200000100001600032245004900048260003400097300001600131526003700147650000800184 a692.80941bCOOcL-14, P-163 aBRIAN COOK. aContract planning case studies.bCOOK.BRIAN  alondon.bMacmillan education. a206p.bill. a0b0c0d692_809410000000000_COO aMCE